|
|
|
|
| LEADER |
01346nam a2200325 a 4500 |
| 001 |
41455 |
| 003 |
BD-DhAAL |
| 008 |
230904t1993 couab b 001 0 eng d |
| 010 |
|
|
|a 93004194
|
| 020 |
|
|
|a 0813317738 (alk. paper)
|
| 020 |
|
|
|a 0813317746 (pbk.)
|
| 020 |
|
|
|a 9780813317731
|
| 040 |
|
|
|a DLC
|c DLC
|d DLC
|d BD-DhAAL
|
| 043 |
|
|
|a a-cc---
|
| 050 |
0 |
0 |
|a HC428.N6
|b B37 1993
|
| 082 |
0 |
0 |
|a 330.951405
|
| 100 |
1 |
|
|a Barnett, A. Doak.
|9 55478
|
| 245 |
1 |
0 |
|a China's far West :
|b four decades of change /
|c A. Doak Barnett.
|
| 260 |
|
|
|a Boulder :
|b Westview Press,
|c 1993.
|
| 300 |
|
|
|a xiii, 688 pages :
|b illustrations, maps ;
|c 24 cm.
|
| 504 |
|
|
|a Includes bibliographical references and index.
|
| 541 |
|
|
|a CDM, Brac
|e 41455
|
| 651 |
|
0 |
|a China, Northwest
|x Economic conditions.
|9 55479
|
| 651 |
|
0 |
|a China, Southwest
|x Economic conditions.
|9 55480
|
| 651 |
|
0 |
|a China
|x Politics and government
|y 1949-
|9 53264
|
| 651 |
|
0 |
|a China
|x Description and travel.
|
| 852 |
|
|
|a Ayesha Abed Library
|c General Stacks
|
| 942 |
|
|
|2 ddc
|c BK
|
| 999 |
|
|
|c 46150
|d 46150
|
| 952 |
|
|
|0 0
|1 0
|2 ddc
|4 0
|6 330_951405000000000_BAR
|7 0
|9 74316
|a SCL
|b SCL
|c GEN
|d 2023-09-04
|e CDM, Brac
|l 0
|o 330.951405 BAR
|p 3020041455
|r 2023-09-04
|t 1
|w 2023-09-04
|y BK
|x As directed by University Librarian (30.05.2023), the accession of this book has been renewed. Previous Accession no of CDM, Brac: 1558
|